00721nam a22002057a 450000500170000001000150001702000270003203500130005903700130007208200110008524500980009626000320019427000550022630000260028150000200030770000200032794200250034799900170037295201260038920140320153655.0 aENG-109346 a9788172736293c1200.00 aEN-92879 bDBAD/PUB a378.54 aHigher education in India :cedited by Abraham Georgebemerging issues and future prospects / a DelhibAuthorspress c2013 aE-35/103, Jawahar Park Laxmi Nagarb Delhie110092 axiii,488p. c22cm(Hb) aIncludes index aGeorge, Abraham 2ddccENmHIGh378.54 c82612d82612 001040718NFICaDBADbDBADd2014-02-18eDBAD/PUBg1200.00l0o378.54 HIGpEN-92879r2014-02-18 00:00:00t1v1200.00yEN